000
00219 a2200097 4500
001
41420
100
_a
Dietz, D
245
_a
Atomic science, books and power
260
_a
N.y
_b
Dodd, Mead & Lo
_c
090
_c
25595
_d
25595
942
_a
NUST-CAE
_c
_c
17330
999
_c
276493
_d
276493